| 000 | 00371nam a2200133Ia 4500 | ||
|---|---|---|---|
| 005 | 20251222141853.0 | ||
| 008 | 251222s9999||||xx |||||||||||||| ||spa|| | ||
| 020 | _a9972-785-74-2 | ||
| 082 | _a362.185/B45 | ||
| 100 | _aBermejo Ortega, Rogelio | ||
| 245 | 0 | _aCien Años de Cooperación al Perú: 1902-2002 | |
| 264 | _bOrganización Panamericana de la Salud | ||
| 942 | _cLIB | ||
| 999 |
_c7802 _d7802 |
||